[Event "OP-2016-0-04106"]
[Site "LSS email"]
[Date "2016.07.22"]
[Round "?"]
[White "Firnhaber, Ingo"]
[Black "Knezevic, Veljko"]
[Result "1-0"]
[WhiteElo "2407"]
[BlackElo "2095"]
[PlyCount "25"]
[EventDate "2016.07.18"]
[EventType "tourn (corr)"]
[EventRounds "4"]
[EventCountry "GER"]
[SourceTitle "Corr 2022"]
[Source "ChessBase"]
[SourceDate "2021.10.24"]
[SourceVersion "1"]
[SourceVersionDate "2021.10.24"]
[SourceQuality "1"]

1. e4 c5 2. Nf3 Nc6 3. d4 cxd4 4. Nxd4 g6 5. c4 Bg7 6. Be3 Nf6 7. Nc3 Ng4 8. Qxg4 Nxd4 9. Qd1 Ne6 10. Rc1 d6 11. Be2 Bd7 12. b4 0-0 13. 0-0 1-0

[Event "SRB-ch Central"]
[Site "Kragujevac"]
[Date "2015.03.12"]
[Round "5"]
[White "Knezevic, Veljko"]
[Black "Jovanovic, Sasa T"]
[Result "1/2-1/2"]
[WhiteElo "2015"]
[BlackElo "2222"]
[PlyCount "52"]
[EventDate "2015.03.09"]
[EventType "swiss"]
[EventRounds "9"]
[EventCountry "SRB"]
[SourceTitle "CBM 165 Extra"]
[Source "ChessBase"]
[SourceDate "2015.04.21"]
[SourceVersion "1"]
[SourceVersionDate "2015.04.21"]
[SourceQuality "1"]

1. d4 d5 2. c4 e6 3. Nc3 c5 4. cxd5 exd5 5. Nf3 Nc6 6. g3 Nf6 7. Bg2 Be7 8. 0-0 0-0 9. Bf4 cxd4 10. Nxd4 Bg4 11. Rc1 Qd7 12. Re1 Bh3 13. Bf3 Rac8 14. Nxc6 bxc6 15. Qa4 h6 16. Red1 Bc5 17. e4 Bg4 18. Bxg4 Qxg4 19. Kg2 Qe6 20. exd5 cxd5 21. Re1 Qb6 22. Re2 d4 23. Ne4 Nxe4 24. Rxe4 Qxb2 25. Qd7 Rfd8 26. Qf5 Qb7 1/2-1/2

[Event "SRB-chT2 West"]
[Site "Sabac"]
[Date "2014.09.28"]
[Round "6.6"]
[White "Knezevic, Veljko"]
[Black "Osatovic, Aleksandar"]
[Result "0-1"]
[WhiteElo "1890"]
[BlackElo "2053"]
[PlyCount "96"]
[EventDate "2014.09.25"]
[EventType "team-swiss"]
[EventRounds "6"]
[EventCountry "SRB"]
[SourceTitle "EXT 2015"]
[Source "ChessBase"]
[SourceDate "2014.11.20"]
[SourceVersion "1"]
[SourceVersionDate "2014.11.20"]
[SourceQuality "1"]

1. e4 d6 2. d4 Nf6 3. Nc3 g6 4. f4 Bg7 5. Nf3 a6 6. a4 0-0 7. Be2 Bg4 8. 0-0 Nfd7 9. Be3 e5 10. Qd2 Nc6 11. fxe5 Bxf3 12. Rxf3 dxe5 13. Bh6 Nxd4 14. Rh3 Nxe2+ 15. Qxe2 Bxh6 16. Rxh6 Qg5 17. Rh3 c6 18. Rf1 Nc5 19. Rg3 Qe7 20. Qe3 b5 21. axb5 axb5 22. Rh3 Ne6 23. Qh6 f6 24. Kh1 b4 25. Nd1 Nf4 26. Rg3 Ra1 27. Rgf3 Rd8 28. Ne3 Rxf1+ 29. Rxf1 Rd4 30. g3 Rxe4 31. Ng4 Nh5 32. Qxh5 gxh5 33. Nxf6+ Kg7 34. Nxe4 Qd7 35. Re1 Qd5 36. Kg2 Kg6 37. Re2 Kf5 38. Kf3 Qd4 39. b3 Qd1 40. Nf2 e4+ 41. Ke3 Qd5 42. h3 Qc5+ 43. Kd2 Qc3+ 44. Kd1 Qxg3 45. Nxe4 Qg1+ 46. Kd2 Qd4+ 47. Ke1 Qxe4 48. Rxe4 Kxe4 0-1

[Event "SRB-chT2 West"]
[Site "Vrnjacka Banja"]
[Date "2013.10.11"]
[Round "3"]
[White "Popovic, Milan S"]
[Black "Knezevic, Veljko"]
[Result "1-0"]
[WhiteElo "2178"]
[BlackElo "1873"]
[PlyCount "47"]
[EventDate "2013.10.10"]
[EventType "team-tourn"]
[EventRounds "8"]
[EventCountry "SRB"]
[SourceTitle "EXT 2014"]
[Source "ChessBase"]
[SourceDate "2013.11.20"]
[SourceVersion "1"]
[SourceVersionDate "2013.11.20"]
[SourceQuality "1"]

1. e4 c5 2. Nc3 d6 3. f4 g6 4. Nf3 Bg7 5. Bb5+ Bd7 6. Bc4 e6 7. 0-0 Ne7 8. f5 gxf5 9. d3 Bf6 10. Ng5 Bxg5 11. Bxg5 Nbc6 12. exf5 Qb6 13. fxe6 Bxe6 14. Bxe6 fxe6 15. Qg4 c4+ 16. Kh1 Qd4 17. Qxe6 Qe5 18. Qf7+ Kd7 19. Bf6 Qe6 20. Qxe6+ Kxe6 21. Rae1+ Kd7 22. Bxe7 Nxe7 23. Rf7 Rae8 24. Nd5 1-0

[Event "SRB Kadetski festival U16 6th"]
[Site "Vrnjacka Banja"]
[Date "2012.04.13"]
[Round "5"]
[White "Knezevic, Veljko"]
[Black "Grbic, Branko"]
[Result "1-0"]
[WhiteElo "1914"]
[BlackElo "1965"]
[PlyCount "160"]
[EventDate "2012.04.10"]
[EventType "swiss"]
[EventRounds "9"]
[EventCountry "SRB"]
[SourceTitle "CBM 148 Extra"]
[Source "ChessBase"]
[SourceDate "2012.06.22"]
[SourceVersion "1"]
[SourceVersionDate "2012.06.22"]
[SourceQuality "1"]

1. e4 c5 2. Nf3 e6 3. d4 cxd4 4. Nxd4 a6 5. Nc3 Qc7 6. Bd3 Nc6 7. Nb3 Nf6 8. 0-0 Be7 9. Kh1 0-0 10. f4 d6 11. Be3 b5 12. a3 Bb7 13. Qe1 Rfd8 14. Qg3 Kh8 15. Nd4 b4 16. Nxc6 Bxc6 17. axb4 d5 18. exd5 Nxd5 19. Bd4 Nf6 20. Be5 Qb7 21. Rae1 Qxb4 22. Qh4 h6 23. Re3 Kg8 24. Qg3 a5 25. f5 exf5 26. Rxf5 Ne8 27. Rf4 Qb6 28. Bc4 Bf6 29. Bxf6 Nxf6 30. Rxf6 Bxg2+ 31. Qxg2 Qxf6 32. Rf3 Qd4 33. Rxf7 Kh8 34. Bd3 Re8 35. Ne2 Qe5 36. Qg6 Qd5+ 37. Kg1 Qg5+ 38. Qxg5 hxg5 39. Rf5 a4 40. Rxg5 a3 41. bxa3 Rxa3 42. Bc4 Rh3 43. Ng3 Rh4 44. Rh5+ Rxh5 45. Nxh5 Re5 46. Ng3 g6 47. Bd3 Kg7 48. Kf2 Ra5 49. c4 Kf6 50. Ke3 Ra2 51. Nf1 g5 52. Kd4 Ke6 53. c5 Rf2 54. Ke3 Rf8 55. Nd2 Rh8 56. Nf1 Kd5 57. Kf3 Kxc5 58. Kg4 Kd5 59. Kxg5 Ke5 60. h4 Ke6 61. Ng3 Rb8 62. h5 Kf7 63. h6 Kg8 64. Ne4 Rb6 65. Ng3 Kh8 66. Bf5 Rb2 67. Nh5 Rg2+ 68. Bg4 Rb2 69. Nf4 Rb5+ 70. Bf5 Rb6 71. Be6 Rb2 72. Ng6+ Kh7 73. Nf8+ Kh8 74. Bg4 Rb5+ 75. Bf5 Rxf5+ 76. Kxf5 Kg8 77. Ng6 Kh7 78. Kg5 Kg8 79. Nf4 Kh8 80. Kg6 Kg8 1-0